| 000 | 01526nam a22003491a 4500 | ||
|---|---|---|---|
| 001 | 014605378 | ||
| 003 | Uk | ||
| 005 | 20100211213802.0 | ||
| 008 | 091110s2008 enka |||| 001|0 eng| | ||
| 015 |
_aGBB024618 _2bnb |
||
| 020 | _a1844805417 (pbk.) : | ||
| 020 | _a9781844805419 (pbk.) : | ||
| 040 |
_aStDuBDS _beng _cStDuBDS |
||
| 042 | _aukblsr | ||
| 082 | 0 | 4 |
_a006.76 _222 _bPAR |
| 100 | 1 |
_aParsons, David, _d1959 Oct. 13- _929610 |
|
| 245 | 1 | 0 |
_aDynamic Web Application Development using XML and Java / _cDavid Parsons. |
| 260 |
_aLondon : _bCourse Technology Cengage Learning, _cc2008. |
||
| 300 |
_axix, 624 p. : _bill. ; _c25 cm. + _e1 CD-ROM (4 3/4 in.) |
||
| 366 |
_b20080425 _cIP _fACENL001 _jGB _kxxk _mCengage Learning Services _2UK-WkNB |
||
| 500 | _aIncludes index. | ||
| 541 | _aDr. Hani Ghali ; | ||
| 650 | 0 |
_aApplication software _xDevelopment. _929611 |
|
| 650 | 0 |
_aXML (Document markup language) _929612 |
|
| 650 | 0 |
_aWeb site development. _929613 |
|
| 650 | 0 |
_aJava (Computer program language) _929614 |
|
| 653 |
_bCS _cApril2012 |
||
| 942 |
_2ddc _cBB |
||
| 999 |
_c16639 _d16639 |
||